Hviezdni priatelia 10: Začarované dievča /
Hviezdne priateľky majú na leto veľa skvelých plánov, no Site je ľúto, že nové dievča Maddie si stále nevie nájsť kamarátov. Avšak keď sa začnú spolužiaci hádať o tom, kto s ňou bude tráviť čas, dievčatá začnú tušiť, že ide o mágiu. No čo ak v tom má prsty práve samotná Maddie?...
Uloženo v:
| Série: | Hviezdni priatelia,
část 10 |
|---|---|
| Hlavní autor: | |
| Médium: | E-kniha |
| Jazyk: | Czech |
| Vydáno: |
Praha :
Albatros Media Slovakia s.r.o.,
2025
|
| Příbuzné jednotky: | Z cyklu::
Hviezdni priatelia |
| Tagy: |
Žádné tagy |
| LEADER | 01425nam a22002417i 4500 | ||
|---|---|---|---|
| 001 | 302724 | ||
| 007 | ta | ||
| 008 | 260514s2025 xr ||||| |||| 00| 0 cze d | ||
| 020 | |a 9788056649091 | ||
| 044 | |a xr | ||
| 100 | 1 | |a Chapmanová, Linda |4 aut | |
| 245 | 1 | 0 | |a Hviezdni priatelia 10: Začarované dievča / |c Chapmanová, Linda |
| 240 | 1 | 0 | |a Star Friends 10: Enchanted Mist |
| 264 | 1 | |a Praha : |b Albatros Media Slovakia s.r.o., |c 2025 | |
| 300 | |a 1 online zdroj (152 stran) | ||
| 336 | |a text |b txt |2 rdacontent | ||
| 337 | |a bez média |b n |2 rdamedia | ||
| 338 | |a online zdroj |b cr |2 rdacarrier | ||
| 520 | 2 | |a Hviezdne priateľky majú na leto veľa skvelých plánov, no Site je ľúto, že nové dievča Maddie si stále nevie nájsť kamarátov. Avšak keď sa začnú spolužiaci hádať o tom, kto s ňou bude tráviť čas, dievčatá začnú tušiť, že ide o mágiu. No čo ak v tom má prsty práve samotná Maddie? | |
| 787 | 0 | 8 | |g 10 |i Z cyklu: |t Hviezdni priatelia |
| 910 | |a RBIT002 | ||
| 998 | |d 426981 |a https://core.palmknihy.cz/api/books/426981/cover?tesgib |b https://core.palmknihy.cz/api/books/426981/cover/400?tesgib |c https://core.palmknihy.cz/api/books/426981/cover/50?tesgib |e 2031-04-23 |g 152 |i 9788056649091 |j https://core.palmknihy.cz/api/books/426981/preview.epub |k https://core.palmknihy.cz/api/books/426981/preview.pdf |l |q 49 |r 1 |s https://www.palmknihy.cz/kniha/426981 |t ebook |y 2025 |z 1 |v Hviezdni priatelia |w 10 | ||
| 999 | |d 302722 | ||